000
00282nam a2200121Ia 4500
003
LDD
008
181029s9999 xx 000 0 und d
040
_c
LDD
100
_a
Kachhava,C.M.
245
0
_a
Solid state physics
_c
C.M. Kachhava
901
_a
2754
_b
03-10-2003
942
_2
ddc
_c
BK
999
_c
46465
_d
46465